[Event "CZE-ch U20"]
[Site "Kouty nad Desnou"]
[Date "2017.03.15"]
[Round "7"]
[White "Jelinek, Michal"]
[Black "Machan, Jan"]
[Result "1/2-1/2"]
[WhiteElo "2056"]
[BlackElo "2294"]
[PlyCount "127"]
[EventDate "2017.03.10"]
[EventType "tourn"]
[EventRounds "11"]
[EventCountry "CZE"]
[EventCategory "1"]
[SourceTitle "CBM 177 Extra"]
[Source "ChessBase"]
[SourceDate "2017.04.27"]
[SourceVersion "1"]
[SourceVersionDate "2017.04.27"]
[SourceQuality "1"]

1. d4 c6 2. c4 d5 3. Nf3 Nf6 4. Nc3 a6 5. e3 b5 6. b3 Bf5 7. Bd3 e6 8. 0-0 Bxd3 9. Qxd3 Nbd7 10. Bb2 Be7 11. cxd5 cxd5 12. Ne5 Nxe5 13. dxe5 Nd7 14. Ne2 0-0 15. Rfc1 Qb8 16. f4 Nc5 17. Qd1 Rc8 18. Bd4 Qb7 19. Rc2 Rc7 20. Rac1 Rac8 21. Bxc5 Bxc5 22. Nd4 Qb6 23. Kh1 g6 24. h3 Kg7 25. Kh2 h5 26. Qe1 Ba3 27. Rxc7 Rxc7 28. Rxc7 Qxc7 29. Qd2 Bf8 30. Kg3 Qc5 31. Kf3 Qa3 32. g4 hxg4+ 33. hxg4 Qe7 34. Kg3 Qc7 35. Kf3 Kg8 36. Qc2 Qa5 37. f5 exf5 38. gxf5 Qe1 39. fxg6 Qf1+ 40. Qf2 Qh3+ 41. Ke2 Qh5+ 42. Qf3 fxg6 43. Ne6 Bg7 44. Nf4 Qxe5 45. Qxd5+ Qxd5 46. Nxd5 Be5 47. Nb4 a5 48. Nc6 Bc7 49. Nd4 b4 50. Kf3 Kf7 51. Nb5 Be5 52. Ke4 Kf6 53. a3 a4 54. bxa4 b3 55. Kd3 b2 56. Kc2 g5 57. a5 g4 58. a6 g3 59. a7 g2 60. a8Q g1Q 61. Qf8+ Ke6 62. Qe8+ Kf6 63. Qf8+ Ke6 64. Qe8+ 1/2-1/2

[Event "CZE-ch U20"]
[Site "Kouty nad Desnou"]
[Date "2017.03.10"]
[Round "1"]
[White "Eret, Jonas"]
[Black "Machan, Jan"]
[Result "1/2-1/2"]
[WhiteElo "2235"]
[BlackElo "2294"]
[PlyCount "60"]
[EventDate "2017.03.10"]
[EventType "tourn"]
[EventRounds "11"]
[EventCountry "CZE"]
[EventCategory "1"]
[SourceTitle "CBM 177 Extra"]
[Source "ChessBase"]
[SourceDate "2017.04.27"]
[SourceVersion "1"]
[SourceVersionDate "2017.04.27"]
[SourceQuality "1"]

1. Nf3 Nf6 2. d4 c5 3. e3 d5 4. Be2 Bg4 5. 0-0 e6 6. dxc5 Bxc5 7. c4 Nc6 8. Qb3 Qe7 9. cxd5 Nxd5 10. Nbd2 0-0 11. Ne4 Bb6 12. Ng3 Rfd8 13. Rd1 Rac8 14. a3 Qf6 15. Bd2 Ne5 16. Nxe5 Bxe2 17. Nxe2 Qxe5 18. Bc3 Nxc3 19. Nxc3 g6 20. Rxd8+ Rxd8 21. Rd1 Rxd1+ 22. Qxd1 Bc7 23. g3 Ba5 24. Qb3 Bxc3 25. bxc3 Qe4 26. Qb4 Qxb4 27. cxb4 Kf8 28. Kf1 Ke7 29. Ke2 Kd6 30. Kd3 f6 1/2-1/2

[Event "CZE-ch U18/U20 sf"]
[Site "Kovarska"]
[Date "2016.11.18"]
[Round "8"]
[White "Machan, Jan"]
[Black "Riha, Vojtech"]
[Result "1-0"]
[WhiteElo "2298"]
[BlackElo "2084"]
[PlyCount "41"]
[EventDate "2016.11.13"]
[EventType "swiss"]
[EventRounds "9"]
[EventCountry "CZE"]
[SourceTitle "EXT 2022"]
[Source "ChessBase"]
[SourceDate "2021.10.06"]
[SourceVersion "1"]
[SourceVersionDate "2021.10.06"]
[SourceQuality "1"]

1. d4 Nf6 2. c4 e6 3. Nc3 c5 4. d5 exd5 5. cxd5 d6 6. e4 g6 7. Nf3 Bg4 8. Be2 Bxf3 9. Bxf3 a6 10. Bf4 Bg7 11. Qa4+ Nbd7 12. Bxd6 Qb6 13. e5 0-0-0 14. exf6 Rhe8+ 15. Ne2 Bxf6 16. Bf4 Qxb2 17. 0-0 Rxe2 18. Bxe2 Qxe2 19. Rab1 Bd4 20. Rxb7 Ne5 21. Bxe5 1-0

[Event "CZE-ch U18/U20 sf"]
[Site "Kovarska"]
[Date "2016.11.14"]
[Round "3"]
[White "Slovak, Kilian"]
[Black "Machan, Jan"]
[Result "1/2-1/2"]
[WhiteElo "2088"]
[BlackElo "2298"]
[PlyCount "207"]
[EventDate "2016.11.13"]
[EventType "swiss"]
[EventRounds "9"]
[EventCountry "CZE"]
[SourceTitle "EXT 2022"]
[Source "ChessBase"]
[SourceDate "2021.10.06"]
[SourceVersion "1"]
[SourceVersionDate "2021.10.06"]
[SourceQuality "1"]

1. e4 d6 2. d4 Nf6 3. Nc3 Nbd7 4. Nf3 e5 5. dxe5 dxe5 6. Bc4 Bc5 7. 0-0 c6 8. a4 a5 9. Qe2 0-0 10. Be3 Qe7 11. h3 Bxe3 12. Qxe3 Nc5 13. Rfe1 Bd7 14. Qg5 Rfe8 15. Nh4 Rad8 16. Rad1 Bc8 17. Nf5 Bxf5 18. Qxf5 Rd4 19. b3 Red8 20. Rxd4 exd4 21. Nb1 g6 22. Qg5 Nd5 23. Qxe7 Nxe7 24. Kf1 Nc8 25. e5 Nb6 26. Na3 Kf8 27. f4 Ke7 28. Rd1 Ne4 29. Bd3 Nc3 30. Re1 Nbd5 31. g3 Ne3+ 32. Kf2 Rb8 33. Nb1 Ned1+ 34. Kf3 b5 35. axb5 cxb5 36. Na3 Ne3 37. Nb1 Ned5 38. Na3 Nb4 39. Bf1 a4 40. bxa4 bxa4 41. g4 Nbd5 42. Bd3 Ne3 43. Ra1 Ned1 44. Bf1 f6 45. exf6+ Kxf6 46. Nc4 Rb1 47. Rxb1 Nxb1 48. Ke4 a3 49. Nxa3 Nxa3 50. Kxd4 Nxc2+ 51. Kd3 Nde3 52. Be2 Nd5 53. Kxc2 Nxf4 54. Kd2 Nxh3 55. Ke3 Kg5 56. Bd1 Nf4 57. Kf3 Nd3 58. Kg3 Nc5 59. Bf3 Kf6 60. Kf4 Ne6+ 61. Kg3 Ke5 62. Be2 g5 63. Bd3 h6 64. Bf5 Nc5 65. Bg6 Kd4 66. Kf3 Nd7 67. Bf5 Nf6 68. Bg6 Ke5 69. Bc2 Kd4 70. Bg6 Nd7 71. Bf5 Ne5+ 72. Ke2 Nc6 73. Kf3 Nb4 74. Bb1 Nd3 75. Ke2 Nf4+ 76. Kf3 Nd3 77. Ke2 Nc5 78. Bc2 Nd7 79. Bb1 Nf6 80. Kf3 Kc3 81. Bf5 Kd2 82. Be6 Ke1 83. Ke3 Kf1 84. Kd4 Kg2 85. Ke5 Ne8 86. Bd7 Nc7 87. Kf5 Kg3 88. Kg6 Nd5 89. Kxh6 Kf4 90. Kg6 Ne3 91. Bc8 Nc4 92. Kf6 Ne5 93. Be6 Nxg4+ 94. Kg6 Nh2 95. Kf6 Nf3 96. Bd7 Ne5 97. Be6 Nd3 98. Bd7 Nc5 99. Bf5 Nb7 100. Be6 Nd6 101. Kg6 Ne4 102. Bf5 Nd2 103. Bd7 Nf3 104. Kf6 1/2-1/2

[Event "Pardubice Czech op-A 27th"]
[Site "Pardubice"]
[Date "2016.07.28"]
[Round "7"]
[White "Hoerr, Matthias"]
[Black "Machan, Jan"]
[Result "1-0"]
[WhiteElo "2180"]
[BlackElo "2322"]
[PlyCount "93"]
[EventDate "2016.07.22"]
[EventType "swiss"]
[EventRounds "9"]
[EventCountry "CZE"]
[SourceTitle "CBM 173 Extra"]
[Source "ChessBase"]
[SourceDate "2016.08.29"]
[SourceVersion "1"]
[SourceVersionDate "2016.08.29"]
[SourceQuality "1"]

1. e4 d6 2. Nc3 Nf6 3. Bc4 c5 4. Nf3 e6 5. d4 cxd4 6. Nxd4 a6 7. Bb3 Nbd7 8. f4 Nc5 9. 0-0 Nxb3 10. axb3 Be7 11. f5 e5 12. Nde2 h6 13. Be3 Bd7 14. Nd5 Nxd5 15. Qxd5 Bc6 16. Qd3 d5 17. exd5 Qxd5 18. Qxd5 Bxd5 19. Nc3 Bc6 20. Ra5 f6 21. Nd5 Bd8 22. Nb6 Kf7 23. b4 Rb8 24. c4 Be7 25. Nd5 Bxd5 26. Rxd5 Bxb4 27. Rd7+ Be7 28. Ba7 Rbc8 29. c5 Rhd8 30. Rxb7 Ke8 31. b4 Rd2 32. Ra1 Rcd8 33. Rxa6 Rc2 34. Rb8 Rxb8 35. Bxb8 Rb2 36. Re6 Kf7 37. Bd6 Bxd6 38. Rxd6 Rxb4 39. Rd7+ Kg8 40. c6 Rc4 41. c7 Kh7 42. Kf2 h5 43. h4 Rc1 44. Ke3 Rc2 45. Ke4 Rc5 46. Re7 Rc1 47. Kd5 1-0

[Event "Pardubice Czech op-A 27th"]
[Site "Pardubice"]
[Date "2016.07.26"]
[Round "5"]
[White "Kozusek, Daniel"]
[Black "Machan, Jan"]
[Result "0-1"]
[WhiteElo "2175"]
[BlackElo "2322"]
[PlyCount "96"]
[EventDate "2016.07.22"]
[EventType "swiss"]
[EventRounds "9"]
[EventCountry "CZE"]
[SourceTitle "CBM 173 Extra"]
[Source "ChessBase"]
[SourceDate "2016.08.29"]
[SourceVersion "1"]
[SourceVersionDate "2016.08.29"]
[SourceQuality "1"]

1. Nf3 c5 2. e4 d6 3. Nc3 Nf6 4. d4 cxd4 5. Nxd4 a6 6. h3 e5 7. Nde2 h5 8. Ng1 b5 9. Nf3 Bb7 10. Ng5 Be7 11. Qf3 Nbd7 12. a4 b4 13. Bc4 0-0 14. Nd1 d5 15. exd5 Nb6 16. b3 e4 17. Qe2 Nbxd5 18. 0-0 Qc7 19. Bxd5 Bxd5 20. Ne3 Qe5 21. Nxd5 Nxd5 22. Qxe4 Qxe4 23. Nxe4 f5 24. Nd2 Bf6 25. c4 Bxa1 26. cxd5 Rad8 27. Nc4 Rxd5 28. Bd2 Bf6 29. Re1 Bc3 30. Bxc3 bxc3 31. Rc1 Rfd8 32. Rxc3 Rd3 33. Rxd3 Rxd3 34. Na5 Rd1+ 35. Kh2 f4 36. Nb7 Rd5 37. b4 Rd4 38. b5 Rxa4 39. bxa6 Rxa6 40. Nc5 Ra2 41. Ne4 Re2 42. f3 Kf7 43. h4 Rxe4 44. fxe4 Kf6 45. Kg1 Ke5 46. Kf2 Kxe4 47. Ke2 Kf5 48. Kf3 g6 0-1

[Event "Pardubice Czech op-A 27th"]
[Site "Pardubice"]
[Date "2016.07.25"]
[Round "4"]
[White "Machan, Jan"]
[Black "Smith, Bryan G"]
[Result "0-1"]
[WhiteElo "2322"]
[BlackElo "2453"]
[PlyCount "40"]
[EventDate "2016.07.22"]
[EventType "swiss"]
[EventRounds "9"]
[EventCountry "CZE"]
[SourceTitle "CBM 173 Extra"]
[Source "ChessBase"]
[SourceDate "2016.08.29"]
[SourceVersion "1"]
[SourceVersionDate "2016.08.29"]
[SourceQuality "1"]

1. d4 Nf6 2. c4 e6 3. Nc3 Bb4 4. Qc2 d5 5. a3 Bxc3+ 6. Qxc3 c5 7. dxc5 d4 8. Qg3 Nc6 9. Nf3 e5 10. Nxe5 Qa5+ 11. Kd1 Ne4 12. Qf4 Nxf2+ 13. Kc2 Nxe5 14. Qxe5+ Be6 15. Rg1 0-0 16. g4 Bxc4 17. Rg3 Qa4+ 18. Kb1 Qd1 19. Bg2 Rae8 20. Qf5 Rxe2 0-1

[Event "CZE-ch U18/20 sf"]
[Site "Doksy"]
[Date "2015.11.16"]
[Round "4"]
[White "Machan, Jan"]
[Black "Toman, Ondrej"]
[Result "1/2-1/2"]
[WhiteElo "2274"]
[BlackElo "2115"]
[PlyCount "89"]
[EventDate "2015.11.14"]
[EventType "swiss"]
[EventRounds "9"]
[EventCountry "CZE"]
[SourceTitle "EXT 2022"]
[Source "ChessBase"]
[SourceDate "2021.10.06"]
[SourceVersion "1"]
[SourceVersionDate "2021.10.06"]
[SourceQuality "1"]

1. Nf3 Nf6 2. g3 g6 3. Bg2 Bg7 4. c4 0-0 5. d4 d6 6. Nc3 Nbd7 7. 0-0 c5 8. b3 cxd4 9. Nxd4 Nc5 10. Bb2 Bd7 11. Qd2 Rc8 12. Rfd1 a6 13. Rac1 h5 14. Ba1 Qb6 15. Nd5 Nxd5 16. Bxd5 Ne6 17. Nf3 Qa7 18. Bxg7 Kxg7 19. Rc3 Nc7 20. Re3 Nxd5 21. Qxd5 Rce8 22. c5 Bc6 23. Qd4+ e5 24. Qxd6 Re6 25. Qc7 Qxc5 26. Rxe5 Qc2 27. Rxe6 Qxd1+ 28. Kg2 Qc2 29. Qe5+ Kg8 30. Re7 Qxa2 31. e4 Qxb3 32. Nd4 Qc4 33. f3 Qc3 34. Rc7 a5 35. Kh3 h4 36. Nxc6 Qxf3 37. Ne7+ Kh7 38. Nd5 hxg3 39. Nf6+ Kh6 40. Ng4+ Kh7 41. Qxg3 Qf1+ 42. Qg2 Qf4 43. Qg3 Qf1+ 44. Qg2 Qf4 45. Qg3 1/2-1/2

[Event "CZE-chT2D 1516"]
[Site "Czech Republic"]
[Date "2015.11.08"]
[Round "2.2"]
[White "Hlavacek, Robert"]
[Black "Machan, Jan"]
[Result "0-1"]
[WhiteElo "2184"]
[BlackElo "2328"]
[PlyCount "62"]
[EventDate "2015.10.18"]
[EventType "team-tourn"]
[EventRounds "11"]
[EventCountry "CZE"]
[SourceTitle "EXT 2022"]
[Source "ChessBase"]
[SourceDate "2021.10.06"]
[SourceVersion "1"]
[SourceVersionDate "2021.10.06"]
[SourceQuality "1"]
[WhiteTeam "Chrudim"]
[BlackTeam "Polabiny III"]
[WhiteTeamCountry "CZE"]
[BlackTeamCountry "CZE"]

1. d4 Nf6 2. c4 g6 3. Nc3 d5 4. Qb3 dxc4 5. Qxc4 Bg7 6. Nf3 0-0 7. Bf4 c6 8. e3 b5 9. Qb3 Be6 10. Qc2 Na6 11. Be2 Nb4 12. Qd2 Nbd5 13. Nxd5 Bxd5 14. 0-0 Qb6 15. Rfc1 Rfc8 16. Be5 Ne4 17. Qd1 f6 18. Bf4 e6 19. Nd2 Nxd2 20. Qxd2 Qb7 21. f3 e5 22. dxe5 fxe5 23. Bg5 e4 24. f4 Qf7 25. a4 b4 26. Rc5 Bf8 27. Rc2 c5 28. Rac1 c4 29. Rd1 Be6 30. Qd4 Bg7 31. Qxe4 Bf5 0-1

[Event "CZE-chT2D 1516"]
[Site "Czech Republic"]
[Date "2015.10.18"]
[Round "1.2"]
[White "Machan, Jan"]
[Black "Mozny, Milos"]
[Result "0-1"]
[WhiteElo "2328"]
[BlackElo "2295"]
[PlyCount "40"]
[EventDate "2015.10.18"]
[EventType "team-tourn"]
[EventRounds "11"]
[EventCountry "CZE"]
[SourceTitle "EXT 2022"]
[Source "ChessBase"]
[SourceDate "2021.10.06"]
[SourceVersion "1"]
[SourceVersionDate "2021.10.06"]
[SourceQuality "1"]
[WhiteTeam "Polabiny III"]
[BlackTeam "Hradec Kralove II"]
[WhiteTeamCountry "CZE"]
[BlackTeamCountry "CZE"]

1. Nf3 d5 2. d4 Bf5 3. c4 e6 4. Nc3 Nf6 5. Bg5 c6 6. Qb3 Qb6 7. c5 Qxb3 8. axb3 Nbd7 9. b4 Ne4 10. Bf4 f6 11. e3 g5 12. Bg3 h5 13. b5 e5 14. h4 Nxg3 15. fxg3 g4 16. Nd2 Bh6 17. bxc6 bxc6 18. dxe5 Bxe3 19. exf6 Nxc5 20. Ra3 Kf7 0-1

[Event "Pardubice Czech op-A 26th"]
[Site "Pardubice"]
[Date "2015.08.01"]
[Round "9"]
[White "Dovzhenko, Viktor"]
[Black "Machan, Jan"]
[Result "1/2-1/2"]
[WhiteElo "2189"]
[BlackElo "2286"]
[PlyCount "262"]
[EventDate "2015.07.24"]
[EventType "swiss"]
[EventRounds "9"]
[EventCountry "CZE"]
[SourceTitle "CBM 167 Extra"]
[Source "ChessBase"]
[SourceDate "2015.09.14"]
[SourceVersion "1"]
[SourceVersionDate "2015.09.14"]
[SourceQuality "1"]

1. e4 d6 2. d4 Nf6 3. Nc3 e5 4. Nf3 Nbd7 5. Be2 Be7 6. h3 c6 7. a4 exd4 8. Qxd4 Nc5 9. 0-0 a5 10. e5 Ne6 11. Qe3 dxe5 12. Nxe5 Qc7 13. Bd3 0-0 14. Re1 Bc5 15. Qe2 Re8 16. Qf1 Nh5 17. Kh1 Nd4 18. Nc4 Bxh3 19. Nd2 Bg4 20. Nce4 Qe7 21. Re3 Nf5 22. Rh3 Bxh3 23. gxh3 Be3 24. Qd1 g6 25. fxe3 Nxe3 26. Qf3 Nd5 27. Nf1 f5 28. Nf2 Qe1 29. b3 Re3 30. Bxe3 Qxa1 31. Bh6 Re8 32. Kg2 Qd4 33. Bc4 Kh8 34. Bd2 Nhf6 35. Bxa5 Ne3+ 36. Nxe3 Rxe3 37. Qd1 Qe5 38. Qd8+ Ne8 39. Bb6 c5 40. Qd5 Rg3+ 41. Kh2 Qxd5 42. Bxd5 Rc3 43. Bxb7 Nd6 44. Bc6 Rxc2 45. Kg1 Nc8 46. Bc7 Kg7 47. Bd5 Ne7 48. Bc4 Nc6 49. Nd3 Nd4 50. a5 Nf3+ 51. Kf1 Nd2+ 52. Ke1 Nxc4 53. bxc4 Rxc4 54. Kd2 g5 55. a6 Ra4 56. Nxc5 Ra3 57. Bb8 Rxh3 58. a7 Ra3 59. Nd7 f4 60. Nb6 h5 61. a8Q Rxa8 62. Nxa8 Kg6 63. Ke2 Kf5 64. Nb6 h4 65. Nd5 Ke4 66. Nc3+ Kf5 67. Kf2 h3 68. Nd5 Ke4 69. Nc3+ Kf5 70. Kg1 Kg4 71. Kh2 Kh4 72. Ne4 Kg4 73. Nf2+ Kf3 74. Nxh3 Kg4 75. Bc7 Kf5 76. Kg2 f3+ 77. Kg3 g4 78. Nf2 Ke6 79. Kxg4 Kd7 80. Bf4 Kc8 81. Kxf3 Kb7 82. Ke4 Kc6 83. Kd4 Kb5 84. Nd3 Kb6 85. Kc4 Kc6 86. Nb4+ Kb6 87. Be5 Kb7 88. Kb5 Ka8 89. Nd5 Kb7 90. Nc7 Ka7 91. Kc6 Kb8 92. Kb6 Kc8 93. Nb5 Kd7 94. Nd4 Ke7 95. Kc6 Kf7 96. Kd6 Kg6 97. Ke6 Kh5 98. Kf5 Kh4 99. Kf4 Kh3 100. Kf3 Kh4 101. Nc6 Kh3 102. Ne7 Kh4 103. Nd5 Kg5 104. Ne3 Kg6 105. Ke4 Kf7 106. Kd5 Ke7 107. Nc4 Kf7 108. Bf4 Ke7 109. Bd6+ Kf6 110. Ne3 Kf7 111. Nc4 Kf6 112. Be5+ Kg5 113. Ke4 Kh4 114. Ne3 Kg5 115. Bg3 Kf6 116. Kd5 Ke7 117. Nc4 Kf6 118. Bd6 Kg5 119. Ke4 Kg4 120. Be5 Kg5 121. Bd6 Kg4 122. Bf4 Kh3 123. Ne3 Kh4 124. Kf5 Kh3 125. Be5 Kh4 126. Ke4 Kh3 127. Kf3 Kh4 128. Kg2 Kg5 129. Kg3 Kg6 130. Kg4 Kf7 131. Kf5 Ke7 1/2-1/2

[Event "Pardubice Czech op-A 26th"]
[Site "Pardubice"]
[Date "2015.07.31"]
[Round "8"]
[White "Machan, Jan"]
[Black "Camarena Gimenez, Rufino"]
[Result "0-1"]
[WhiteElo "2286"]
[BlackElo "2378"]
[PlyCount "94"]
[EventDate "2015.07.24"]
[EventType "swiss"]
[EventRounds "9"]
[EventCountry "CZE"]
[SourceTitle "CBM 167 Extra"]
[Source "ChessBase"]
[SourceDate "2015.09.14"]
[SourceVersion "1"]
[SourceVersionDate "2015.09.14"]
[SourceQuality "1"]

1. d4 Nf6 2. Nf3 g6 3. g3 Bg7 4. Bg2 0-0 5. 0-0 d6 6. c4 Nbd7 7. Nc3 e5 8. dxe5 dxe5 9. h3 c6 10. Be3 Qe7 11. Qb3 Ne8 12. Rad1 Nc7 13. Ne4 Ne6 14. Nd6 Ndc5 15. Qa3 Na6 16. c5 f5 17. b4 Nac7 18. Qb3 Kh8 19. h4 Nd5 20. Bc1 e4 21. Ng5 h6 22. Nxc8 Raxc8 23. Nxe6 Qxe6 24. Bb2 Rcd8 25. Bxg7+ Kxg7 26. Rd4 Nf4 27. Qxe6 Nxe6 28. Rdd1 Nd4 29. e3 Ne2+ 30. Kh2 Nc3 31. Ra1 Rd2 32. a3 Rfd8 33. Rfc1 Na2 34. Rf1 R8d3 35. g4 Rxa3 36. h5 fxg4 37. hxg6 Kxg6 38. Bxe4+ Kg5 39. b5 Rxe3 40. bxc6 bxc6 41. Bxc6 Rc3 42. Bd5 Nb4 43. Bg2 Rxc5 44. Rxa7 Nd3 45. Rg7+ Kh4 46. Rf7 Rxf2 47. R1xf2 Nxf2 0-1

[Event "Pardubice Czech op-A 26th"]
[Site "Pardubice"]
[Date "2015.07.27"]
[Round "4.85"]
[White "Machan, Jan"]
[Black "Stefanov, Emil"]
[Result "1-0"]
[WhiteElo "2286"]
[BlackElo "2088"]
[PlyCount "65"]
[EventDate "2015.07.24"]
[EventType "swiss"]
[EventRounds "9"]
[EventCountry "CZE"]
[SourceTitle "EXT 2017"]
[Source "ChessBase"]
[SourceDate "2016.10.25"]
[SourceVersion "1"]
[SourceVersionDate "2016.10.25"]
[SourceQuality "1"]

1. Nf3 Nf6 2. g3 d5 3. Bg2 c5 4. 0-0 Nc6 5. d4 cxd4 6. Nxd4 Bd7 7. c4 e5 8. Nxc6 Bxc6 9. Bg5 d4 10. Bxc6+ bxc6 11. Qa4 Qd7 12. Bxf6 gxf6 13. Nd2 h5 14. f4 h4 15. Ne4 0-0-0 16. f5 d3 17. exd3 hxg3 18. hxg3 Bc5+ 19. Kg2 Be3 20. Rad1 Rh6 21. c5 Kb8 22. b4 Rdh8 23. Nd6 Rh2+ 24. Kf3 Bf4 25. Rg1 R2h3 26. Rb1 e4+ 27. Kxf4 Qe7 28. Nxe4 Qe5+ 29. Ke3 Rd8 30. b5 Qd5 31. bxc6+ Ka8 32. Qb5 Qd4+ 33. Kf3 1-0

[Event "Pardubice Czech op-A 26th"]
[Site "Pardubice"]
[Date "2015.07.25"]
[Round "2"]
[White "Machan, Jan"]
[Black "Steinberg, Nitzan"]
[Result "0-1"]
[WhiteElo "2286"]
[BlackElo "2435"]
[PlyCount "80"]
[EventDate "2015.07.24"]
[EventType "swiss"]
[EventRounds "9"]
[EventCountry "CZE"]
[SourceTitle "CBM 167 Extra"]
[Source "ChessBase"]
[SourceDate "2015.09.14"]
[SourceVersion "1"]
[SourceVersionDate "2015.09.14"]
[SourceQuality "1"]

1. d4 d5 2. c4 c6 3. cxd5 cxd5 4. Nc3 Nc6 5. Bf4 Nf6 6. e3 e6 7. Bd3 Be7 8. Nf3 Nh5 9. Be5 0-0 10. Rc1 a6 11. a3 g6 12. 0-0 f6 13. Bg3 Nxg3 14. hxg3 f5 15. Na4 g5 16. Nc5 g4 17. Ne1 Bd6 18. Be2 Ne7 19. Ncd3 Ng6 20. Nf4 Nxf4 21. gxf4 Qh4 22. g3 Qh3 23. Ng2 Rf6 24. Re1 Rh6 25. Nh4 Rxh4 26. gxh4 Bd7 27. Bf1 Qxh4 28. Bg2 Kh8 29. Qb3 b5 30. Bxd5 g3 31. fxg3 Qxg3+ 32. Bg2 Bxf4 33. Re2 Rg8 34. Qc3 b4 35. axb4 Qh2+ 36. Kf1 Bb5 37. Ke1 Bg3+ 38. Kd2 Bxe2 39. Rh1 Qxg2 40. d5+ e5 0-1

[Event "Teplice op 10th"]
[Site "Teplice"]
[Date "2015.06.19"]
[Round "7"]
[White "Machan, Jan"]
[Black "Mikes, Jan"]
[Result "1/2-1/2"]
[WhiteElo "2315"]
[BlackElo "2068"]
[PlyCount "62"]
[EventDate "2015.06.13"]
[EventType "swiss"]
[EventRounds "9"]
[EventCountry "CZE"]
[SourceTitle "EXT 2017"]
[Source "ChessBase"]
[SourceDate "2016.10.25"]
[SourceVersion "1"]
[SourceVersionDate "2016.10.25"]
[SourceQuality "1"]

1. b3 Nf6 2. Bb2 g6 3. Nf3 b6 4. g3 Bb7 5. Bg2 Bg7 6. 0-0 0-0 7. d4 d5 8. Nbd2 Nbd7 9. e3 e6 10. Qe2 Qe7 11. c4 c6 12. Rfc1 Rfc8 13. cxd5 cxd5 14. Qe1 Qe8 15. Bf1 Rxc1 16. Rxc1 Rc8 17. Rxc8 Qxc8 18. Qc1 Qxc1 19. Bxc1 Bf8 20. Bd3 Bd6 21. Kf1 h6 22. Ke2 g5 23. h3 Kf8 24. g4 Ke7 25. a3 a5 26. Bb5 Nb8 27. Nb1 Ba6 28. Bxa6 Nxa6 29. Nc3 Nc7 30. a4 Bb4 31. Bd2 Nd7 1/2-1/2

[Event "Teplice op 10th"]
[Site "Teplice"]
[Date "2015.06.17"]
[Round "5"]
[White "Van Foreest, Jorden"]
[Black "Machan, Jan"]
[Result "1-0"]
[WhiteElo "2514"]
[BlackElo "2315"]
[PlyCount "177"]
[EventDate "2015.06.13"]
[EventType "swiss"]
[EventRounds "9"]
[EventCountry "CZE"]
[SourceTitle "EXT 2017"]
[Source "ChessBase"]
[SourceDate "2016.10.25"]
[SourceVersion "1"]
[SourceVersionDate "2016.10.25"]
[SourceQuality "1"]

1. Nf3 d5 2. c4 e6 3. g3 Nf6 4. Bg2 Be7 5. b3 0-0 6. 0-0 b6 7. Nc3 Bb7 8. e3 c5 9. Bb2 dxc4 10. bxc4 Nc6 11. Qe2 Rc8 12. Rfd1 Qc7 13. d3 Rfd8 14. h3 Qb8 15. Ne1 Ne8 16. f4 Nd6 17. Rab1 Qc7 18. Ba1 Bf8 19. g4 Rb8 20. h4 f6 21. g5 f5 22. h5 Ne7 23. Nf3 a6 24. a4 Bc6 25. Qa2 Be8 26. h6 gxh6 27. Ne2 Bg6 28. Be5 Nc6 29. Bf6 Re8 30. Ne5 Nxe5 31. fxe5 Nf7 32. d4 hxg5 33. d5 Nxe5 34. Bxg5 exd5 35. Nf4 Ng4 36. Bxd5+ Bf7 37. Qg2 h6 38. Bh4 Kh7 39. Bg3 Nxe3 40. Qf3 Qe7 41. Re1 Bg7 42. Ng2 Bd4 43. Nxe3 Bxd5 44. cxd5 Qg5 45. Kf1 f4 46. Bxf4 Qf6 47. Ng4 Qh4 48. Kg2 Rxe1 49. Rxe1 Rg8 50. Qe4+ Kh8 51. Be5+ Bxe5 52. Qxe5+ Rg7 53. Re4 h5 54. d6 hxg4 55. d7 Kh7 56. Qf5+ Rg6 57. Re3 g3 58. Qh3 Qxh3+ 59. Kxh3 Rd6 60. Re7+ Kg6 61. Re6+ Rxe6 62. d8Q b5 63. axb5 axb5 64. Qd3+ Kf7 65. Qd7+ Kf6 66. Qxb5 Re5 67. Kxg3 Rg5+ 68. Kf4 Rf5+ 69. Ke4 Re5+ 70. Kd3 Ke6 71. Qc6+ Kf5 72. Qf3+ Kg5 73. Qf7 Kg4 74. Qf6 Rf5 75. Qe6 Kg5 76. Ke4 Rf6 77. Qe5+ Kg6 78. Qxc5 Re6+ 79. Kf4 Kf7 80. Qd5 Kf6 81. Qd8+ Re7 82. Qd6+ Kf7 83. Kf5 Re1 84. Qd5+ Ke8 85. Qb5+ Kf7 86. Qc4+ Ke8 87. Kf6 Kd7 88. Qd3+ Ke8 89. Qb5+ 1-0

[Event "Teplice op 10th"]
[Site "Teplice"]
[Date "2015.06.15"]
[Round "3"]
[White "Machan, Jan"]
[Black "Tsifanskaya, Ludmila A"]
[Result "1/2-1/2"]
[WhiteElo "2315"]
[BlackElo "2092"]
[PlyCount "104"]
[EventDate "2015.06.13"]
[EventType "swiss"]
[EventRounds "9"]
[EventCountry "CZE"]
[SourceTitle "EXT 2017"]
[Source "ChessBase"]
[SourceDate "2016.10.25"]
[SourceVersion "1"]
[SourceVersionDate "2016.10.25"]
[SourceQuality "1"]

1. d4 d5 2. Nf3 Nf6 3. g3 g6 4. Bg2 Bg7 5. 0-0 0-0 6. Nbd2 c5 7. dxc5 Na6 8. Nb3 Ne4 9. c3 Naxc5 10. Nxc5 Nxc5 11. Be3 Ne4 12. Bd4 e6 13. Bxg7 Kxg7 14. Qd4+ Qf6 15. Rfd1 Qxd4 16. Rxd4 Nd6 17. Nd2 Nf5 18. Rd3 b6 19. c4 dxc4 20. Ra3 Rb8 21. Nxc4 a5 22. e4 Ba6 23. Nxa5 bxa5 24. exf5 Rxb2 25. Rxa5 Bd3 26. fxe6 fxe6 27. Ra7+ Kg8 28. Ra8 Rbxf2 29. Rxf8+ Rxf8 30. a4 Rf7 31. a5 Ra7 32. Bf1 Bxf1 33. Kxf1 Kf7 34. a6 Ke7 35. Ke2 Kd6 36. Ke3 Kc7 37. Ke4 Kb8 38. Ke5 Rc7 39. Rd1 Rc5+ 40. Kxe6 Rb5 41. Rd2 Ka7 42. Kf6 Kxa6 43. Re2 Rb3 44. Kg5 Rb5+ 45. Kg4 Rd5 46. Rc2 Re5 47. Kf4 Rf5+ 48. Ke4 Kb7 49. h4 h5 50. Rc4 Ra5 51. Ke3 g5 52. hxg5 Rxg5 1/2-1/2

[Event "Teplice op 10th"]
[Site "Teplice"]
[Date "2015.06.14"]
[Round "2"]
[White "Babicka, Michal"]
[Black "Machan, Jan"]
[Result "1/2-1/2"]
[WhiteElo "1914"]
[BlackElo "2315"]
[PlyCount "119"]
[EventDate "2015.06.13"]
[EventType "swiss"]
[EventRounds "9"]
[EventCountry "CZE"]
[SourceTitle "EXT 2017"]
[Source "ChessBase"]
[SourceDate "2016.10.25"]
[SourceVersion "1"]
[SourceVersionDate "2016.10.25"]
[SourceQuality "1"]

1. c4 Nf6 2. b3 c6 3. Bb2 d5 4. e3 Bg4 5. Be2 Bxe2 6. Nxe2 e6 7. 0-0 Nbd7 8. d4 a5 9. Nbc3 Bd6 10. h3 0-0 11. Qd3 dxc4 12. bxc4 a4 13. c5 Nxc5 14. Qc2 a3 15. dxc5 axb2 16. Qxb2 Bxc5 17. Qxb7 Rc8 18. Rfd1 Qa5 19. Qb3 Ba7 20. Qc4 Bb8 21. Rab1 Qe5 22. Qf4 Qh5 23. Qc4 Nd5 24. Ne4 Qe5 25. Nd2 Qh2+ 26. Kf1 Ba7 27. Rb3 Rfd8 28. Rd3 Qc7 29. Nf3 Bxe3 30. fxe3 Nxe3+ 31. Rxe3 Rxd1+ 32. Kf2 c5 33. Nf4 Rd4 34. Nxe6 Rxc4 35. Nxc7 Rc2+ 36. Kg3 Rxa2 37. Nd5 Kf8 38. Ne5 Rd8 39. Nc7 g6 40. Rf3 Rdd2 41. Rxf7+ Kg8 42. Rf6 Rxg2+ 43. Kh4 Raf2 44. Rd6 Rf4+ 45. Ng4 Rd4 46. Rf6 Re2 47. Kg5 Kg7 48. Ne6+ Rxe6 49. Rxe6 h6+ 50. Kh4 h5 51. Re7+ Kf8 52. Rc7 c4 53. Kg5 hxg4 54. hxg4 Ke8 55. Kxg6 Kd8 56. Rc5 Rxg4+ 57. Kf5 Rh4 58. Ke6 Rd4 59. Ke5 Rh4 60. Kd5 1/2-1/2